[Event "ENCI Limburg-open C"]
[Site "Maastricht"]
[Date "2009.06.01"]
[Round "7"]
[White "Chappin, Rene"]
[Black "Fortenbacher, Florian"]
[Result "1-0"]
[WhiteElo "1632"]
[BlackElo "1250"]
[PlyCount "97"]
[EventDate "2009.05.29"]
[EventType "swiss"]
[EventRounds "7"]
[EventCountry "NED"]
[Source "P.Boonen"]
[SourceDate "2010.01.01"]

1. e4 e5 2. Nf3 Nc6 3. d4 d6 4. Bb5 exd4 5. Nxd4 Bd7 6. Nxc6 Bxc6 7. Bxc6+ bxc6
8. b3 Qf6 9. c3 Ne7 10. Qc2 d5 11. O-O dxe4 12. Bb2 Ng6 13. c4 Qe6 14. Nc3 f5
15. Rfe1 Bb4 16. Re2 Nf4 17. Re3 Qg6 18. Rg3 Qh5 19. Rxg7 Bxc3 20. Bxc3 Ne2+
21. Kh1 Nxc3 22. Qxc3 O-O-O 23. Re1 Rd3 24. Qa5 Rd7 25. Rxd7 Kxd7 26. Qxa7 Re8
27. a4 f4 28. Qd4+ Kc8 29. Qd1 Qc5 30. Qg4+ Kb7 31. Qxf4 Rf8 32. Qe3 Qxe3 33.
Rxe3 Rxf2 34. Kg1 Rb2 35. h4 Kb6 36. Kh2 Kc5 37. Rxe4 Rxb3 38. g4 Ra3 39. g5
Rxa4 40. Kg3 Rxc4 41. Rxc4+ Kxc4 42. Kf4 Kd5 43. Kf5 c5 44. h5 c4 45. g6 c3 46.
g7 c2 47. g8=Q+ Kd4 48. Qg1+ Kd3 49. Qc1 1-0

[Event "ENCI Limburg-open C"]
[Site "Maastricht"]
[Date "2009.06.01"]
[Round "7"]
[White "Chotoe, Henry"]
[Black "Geene, Joris"]
[Result "1-0"]
[WhiteElo "1416"]
[BlackElo "1210"]
[PlyCount "81"]
[EventDate "2009.05.29"]
[EventType "swiss"]
[EventRounds "7"]
[EventCountry "NED"]
[Source "P.Boonen"]
[SourceDate "2010.01.01"]

1. e4 e5 2. Nf3 Nc6 3. Nc3 Nf6 4. d3 Bb4 5. Bd2 d6 6. Be2 Bxc3 7. Bxc3 Be6 8.
O-O O-O 9. Bd2 d5 10. Bg5 d4 11. a3 Bg4 12. h3 Bh5 13. Nh2 Bxe2 14. Qxe2 Qd6
15. f4 Nd7 16. f5 f6 17. Bd2 Qc5 18. Qd1 a5 19. Rf3 Qe7 20. Rg3 Rf7 21. Ng4 Kh8
22. Nh2 Rg8 23. Nf3 Nc5 24. Nh4 Rd8 25. Qh5 Qe8 26. Rf1 Re7 27. Ng6+ Kg8 28.
Nxe7+ Nxe7 29. Qxe8+ Rxe8 30. Bh6 g6 31. fxg6 Nxg6 32. Rxf6 Nd7 33. Rff3 b6 34.
h4 Kh8 35. h5 Ne7 36. Bg7+ Kg8 37. Bxe5+ Ng6 38. Bxd4 Rf8 39. Rxf8+ Kxf8 40.
hxg6 hxg6 41. Rxg6 1-0

[Event "ENCI Limburg-open C"]
[Site "Maastricht"]
[Date "2009.06.01"]
[Round "7"]
[White "Daemen, Jules"]
[Black "Roemhild, Wolfgang"]
[Result "0-1"]
[WhiteElo "1626"]
[BlackElo "1648"]
[PlyCount "126"]
[EventDate "2009.05.29"]
[EventType "swiss"]
[EventRounds "7"]
[EventCountry "NED"]
[Source "P.Boonen"]
[SourceDate "2010.01.01"]

1. d4 g6 2. c4 Bg7 3. Nc3 c6 4. Nf3 Na6 5. e3 Nc7 6. Bd3 d6 7. Qc2 e6 8. b3 d5
9. Bb2 Ne7 10. O-O-O Bd7 11. h4 Nf5 12. Rdg1 Qe7 13. g4 Nd6 14. h5 O-O-O 15. h6
Bf8 16. Ne5 Be8 17. f4 Kb8 18. Ba3 Rg8 19. c5 Ndb5 20. Nxb5 Nxb5 21. Bxb5 cxb5
22. Kb2 f6 23. Nf3 Rc8 24. g5 f5 25. Ne5 Bc6 26. b4 Qc7 27. Kc1 Be7 28. Kd2 Bd8
29. Bb2 b6 30. Nxc6+ Qxc6 31. Ra1 Bc7 32. a4 bxc5 33. bxc5 b4 34. Qd3 a6 35.
Rhb1 Ka7 36. Ke2 a5 37. Qb5 Bd8 38. Kf2 Rf8 39. Bc1 Rf7 40. Rb3 Rb7 41. Qd3 Qc7
42. Bd2 Bxg5 43. fxg5 Qh2+ 44. Ke1 Qg3+ 45. Kd1 Qxg5 46. Kc2 Qxh6 47. e4 Qg7
48. exf5 Rxc5+ 49. dxc5 Qxa1 50. fxe6 Qxa4 51. Be3 Qc6 52. Qd4 Re7 53. Rd3 Rxe6
54. Qg7+ Ka6 55. Qa1 Qb5 56. Qh1 Re4 57. Qxh7 Rg4 58. Rd2 a4 59. Qe7 Qc4+ 60.
Kd1 Qf1+ 61. Kc2 Rc4+ 62. Kb2 Qc1+ 63. Ka2 b3# 0-1

[Event "ENCI Limburg-open C"]
[Site "Maastricht"]
[Date "2009.06.01"]
[Round "7"]
[White "De Lange, Gerard"]
[Black "Van Leeuwen, Jan"]
[Result "1-0"]
[WhiteElo "1668"]
[BlackElo "1612"]
[PlyCount "67"]
[EventDate "2009.05.29"]
[EventType "swiss"]
[EventRounds "7"]
[EventCountry "NED"]
[Source "P.Boonen"]
[SourceDate "2010.01.01"]

1. d4 d5 2. c4 e5 3. dxe5 d4 4. a3 Nc6 5. Bf4 Nge7 6. Nf3 Bg4 7. Nbd2 Ng6 8.
Bg3 h5 9. h3 Bxf3 10. Nxf3 Qe7 11. Nxd4 O-O-O 12. e3 Ngxe5 13. Be2 h4 14. Bh2
g6 15. O-O Bg7 16. Nxc6 Nxc6 17. Qc2 Be5 18. Bxe5 Nxe5 19. Rfd1 f5 20. Rxd8+
Rxd8 21. Rd1 Rxd1+ 22. Qxd1 c6 23. Qd4 b6 24. f4 Nf7 25. Kf2 g5 26. fxg5 Nxg5
27. Bd3 c5 28. Bxf5+ Kb8 29. Qh8+ Kc7 30. Qxh4 Qf6 31. Qf4+ Kd8 32. Bc2 Qe7 33.
Qb8+ Kd7 34. Qxa7+ 1-0

[Event "ENCI Limburg-open C"]
[Site "Maastricht"]
[Date "2009.06.01"]
[Round "7"]
[White "De Mon, Gino"]
[Black "Beukema, Jasper"]
[Result "1-0"]
[WhiteElo "1256"]
[BlackElo "858"]
[PlyCount "81"]
[EventDate "2009.05.29"]
[EventType "swiss"]
[EventRounds "7"]
[EventCountry "NED"]
[Source "P.Boonen"]
[SourceDate "2010.01.01"]

1. e4 e5 2. Nf3 Nc6 3. d4 exd4 4. Nxd4 Bc5 5. Be3 Qf6 6. c3 Nge7 7. Qd2 d6 8.
Bb5 Bd7 9. Bg5 Qe5 10. Bxc6 Nxc6 11. Nxc6 Qxe4+ 12. Qe2 Qxe2+ 13. Kxe2 Bxc6 14.
b4 Bb6 15. f3 Bb5+ 16. Kd2 O-O 17. Bh4 Rfe8 18. a4 Bc4 19. a5 Be3+ 20. Kc2 c5
21. Na3 Bd5 22. Nb5 Re5 23. Bg3 Re7 24. Bxd6 Rd7 25. Bxc5 Bxc5 26. bxc5 a6 27.
Nd6 Rc7 28. c4 Rxc5 29. Kd3 Be6 30. Rhc1 Rd8 31. Kd4 Rxc4+ 32. Rxc4 Rxd6+ 33.
Ke5 Rd5+ 34. Ke4 Rxa5 35. Rxa5 Bxc4 36. Rc5 Be6 37. Rc7 b5 38. Ra7 f5+ 39. Ke5
Bc4 40. Rxa6 g6 41. Kf6 1-0

[Event "ENCI Limburg-open C"]
[Site "Maastricht"]
[Date "2009.06.01"]
[Round "7"]
[White "De Vries, Robert"]
[Black "Vissers, Yorrick"]
[Result "1/2-1/2"]
[WhiteElo "1543"]
[BlackElo "1670"]
[PlyCount "45"]
[EventDate "2009.05.29"]
[EventType "swiss"]
[EventRounds "7"]
[EventCountry "NED"]
[Source "P.Boonen"]
[SourceDate "2010.01.01"]

1. d4 d5 2. c4 e6 3. Nf3 Nf6 4. Nc3 Nc6 5. Bg5 Be7 6. e3 O-O 7. Bf4 a6 8. a3 b6
9. Rc1 Bb7 10. Bd3 Re8 11. O-O h6 12. cxd5 exd5 13. Qc2 Bd6 14. Ne2 Rc8 15.
Rfe1 Ne4 16. Nd2 Nb8 17. Nxe4 dxe4 18. Bc4 Re7 19. Qb3 Nc6 20. Qa2 Na5 21. b4
Nxc4 22. Qxc4 Qd7 23. Qc2 1/2-1/2

[Event "ENCI Limburg-open C"]
[Site "Maastricht"]
[Date "2009.06.01"]
[Round "7"]
[White "Elisen, Peter"]
[Black "Tutenel, Eric"]
[Result "1/2-1/2"]
[WhiteElo "1621"]
[BlackElo "1674"]
[PlyCount "79"]
[EventDate "2009.05.29"]
[EventType "swiss"]
[EventRounds "7"]
[EventCountry "NED"]
[Source "P.Boonen"]
[SourceDate "2010.01.01"]

1. c4 e5 2. g3 Nf6 3. Bg2 c6 4. Nc3 d5 5. cxd5 cxd5 6. d4 e4 7. f3 Bb4 8. a3
Bxc3+ 9. bxc3 h6 10. Qb3 O-O 11. f4 Nc6 12. Nh3 Na5 13. Qa2 Nc4 14. e3 Re8 15.
Nf2 b6 16. Bh3 Bxh3 17. Nxh3 Ng4 18. Ke2 Qd7 19. Ng1 f5 20. h3 Nf6 21. Ke1 Qf7
22. Qg2 Qg6 23. Ne2 Rac8 24. Rg1 h5 25. a4 Kf7 26. Ra2 Rh8 27. Qf2 Ke6 28. Bd2
Kd7 29. Nc1 Rc6 30. Nb3 Rhc8 31. a5 Nxd2 32. Qxd2 Rxc3 33. Nc5+ bxc5 34. Qxc3
cxd4 35. Qxd4 Rc1+ 36. Kf2 Rxg1 37. Kxg1 Qxg3+ 38. Rg2 Qe1+ 39. Kh2 Ng4+ 40.
hxg4 1/2-1/2

[Event "ENCI Limburg-open C"]
[Site "Maastricht"]
[Date "2009.06.01"]
[Round "7"]
[White "Esser, Thomas"]
[Black "Van Herck, Rob"]
[Result "1/2-1/2"]
[WhiteElo "1670"]
[BlackElo "1535"]
[PlyCount "72"]
[EventDate "2009.05.29"]
[EventType "swiss"]
[EventRounds "7"]
[EventCountry "NED"]
[Source "P.Boonen"]
[SourceDate "2010.01.01"]

1. e4 d5 2. exd5 Nf6 3. Bb5+ Bd7 4. Bc4 Bg4 5. f3 Bc8 6. Nc3 a6 7. a4 Nbd7 8.
d3 Nb6 9. Nge2 Nbxd5 10. Bg5 Nxc3 11. Nxc3 e6 12. O-O Be7 13. d4 O-O 14. Kh1 c6
15. Ne2 Rb8 16. a5 Bb4 17. Bd2 Bxd2 18. Qxd2 Nd5 19. Nc3 b5 20. axb6 Qxb6 21.
Na4 Qb4 22. Qxb4 Rxb4 23. Bxd5 cxd5 24. c3 Rb5 25. Rf2 a5 26. Re2 Bd7 27. Nc5
Bc6 28. b3 Rfb8 29. Rea2 a4 30. b4 e5 31. dxe5 d4 32. cxd4 Rxb4 33. Kg1 Rxd4
34. Nxa4 Re8 35. Nc3 g5 36. Ra6 Rc4 1/2-1/2

[Event "ENCI Limburg-open C"]
[Site "Maastricht"]
[Date "2009.06.01"]
[Round "7"]
[White "Frijns, Raoul"]
[Black "Visse, Bernard"]
[Result "1-0"]
[WhiteElo "1632"]
[BlackElo "1668"]
[PlyCount "97"]
[EventDate "2009.05.29"]
[EventType "swiss"]
[EventRounds "7"]
[EventCountry "NED"]
[Source "P.Boonen"]
[SourceDate "2010.01.01"]

1. d4 f5 2. c4 Nf6 3. Nf3 g6 4. Bf4 Bg7 5. e3 d6 6. Nc3 O-O 7. Be2 Qe8 8. O-O
h6 9. h3 c6 10. Rc1 Ne4 11. Qc2 Nxc3 12. Qxc3 Nd7 13. Qb3 Kh8 14. Rfd1 Nf6 15.
c5 Nh5 16. Bh2 f4 17. cxd6 exd6 18. Rf1 Qf7 19. Qxf7 Rxf7 20. Nh4 Kh7 21. Bxh5
gxh5 22. Bxf4 Rxf4 23. exf4 Bxd4 24. b3 Bf6 25. Nf3 Bf5 26. Rcd1 d5 27. Rfe1
Rg8 28. Kf1 a5 29. Nd4 Bd7 30. Ne6 b6 31. g3 Kg6 32. h4 Kf7 33. Nd4 Bh3+ 34.
Kg1 Bd7 35. Nf3 Kg7 36. Ne5 Be8 37. Re2 Rf8 38. Rc2 Bxe5 39. fxe5 Kf7 40. f4
Bd7 41. a3 Rc8 42. Rdd2 Bf5 43. Rb2 Be4 44. b4 a4 45. Kf2 Ke6 46. Rd1 Kf5 47.
Rbd2 Ke6 48. Rd4 Rg8 49. Rxe4 1-0

[Event "ENCI Limburg-open C"]
[Site "Maastricht"]
[Date "2009.06.01"]
[Round "7"]
[White "Gundogmus, Alaettin"]
[Black "Boer, Jan"]
[Result "1/2-1/2"]
[WhiteElo "1541"]
[BlackElo "1663"]
[PlyCount "79"]
[EventDate "2009.05.29"]
[EventType "swiss"]
[EventRounds "7"]
[EventCountry "NED"]
[Source "P.Boonen"]
[SourceDate "2010.01.01"]

1. d4 Nf6 2. c4 c5 3. d5 b5 4. e3 bxc4 5. Bxc4 Bb7 6. Nc3 e6 7. Nf3 exd5 8.
Bxd5 Nxd5 9. Nxd5 d6 10. O-O Nd7 11. e4 Be7 12. Qa4 O-O 13. Nxe7+ Qxe7 14. Nd2
Nb6 15. Qc2 Rfe8 16. f3 d5 17. b3 dxe4 18. fxe4 Bxe4 19. Nxe4 Qxe4 20. Qxc5
Rac8 21. Qf2 f6 22. Qf4 Qe2 23. Qf2 Rc2 24. Ba3 Qe4 25. Qf3 Qd4+ 26. Kh1 Ree2
27. Rad1 Rcd2 28. Rxd2 Qxd2 29. Bc5 Qxa2 30. Bxb6 axb6 31. Qd5+ Kf8 32. Rc1 Qa3
33. Rc8+ Re8 34. Rxe8+ Kxe8 35. Qg8+ Qf8 36. Qxh7 Qe7 37. Qb1 b5 38. h3 Qe5 39.
Qg6+ Kf8 40. Qd3 1/2-1/2

[Event "ENCI Limburg-open C"]
[Site "Maastricht"]
[Date "2009.06.01"]
[Round "7"]
[White "Haitsma, Henk"]
[Black "Schueller, Tobias"]
[Result "1/2-1/2"]
[WhiteElo "1673"]
[BlackElo "1597"]
[PlyCount "54"]
[EventDate "2009.05.29"]
[EventType "swiss"]
[EventRounds "7"]
[EventCountry "NED"]
[Source "P.Boonen"]
[SourceDate "2010.01.01"]

1. d4 e5 2. dxe5 Nc6 3. Nf3 Qe7 4. g3 Nxe5 5. Nxe5 Qxe5 6. Bg2 c6 7. O-O d5 8.
c3 Bc5 9. Bf4 Qe7 10. Qd3 Nf6 11. Nd2 Nh5 12. Qf3 Nxf4 13. Qxf4 Bd6 14. Qf3 h5
15. e4 Bg4 16. Qd3 dxe4 17. Nxe4 O-O-O 18. Qc4 Be6 19. Qa4 Bb8 20. Rad1 Rxd1
21. Rxd1 h4 22. b4 hxg3 23. hxg3 Bd5 24. b5 cxb5 25. Qxb5 Bc6 26. Qb4 Re8 27.
Nc5 Bd6 1/2-1/2

[Event "ENCI Limburg-open C"]
[Site "Maastricht"]
[Date "2009.06.01"]
[Round "7"]
[White "Heijltjes, Thijs"]
[Black "Koehorst, Andre"]
[Result "1/2-1/2"]
[WhiteElo "1450"]
[BlackElo "1682"]
[PlyCount "56"]
[EventDate "2009.05.29"]
[EventType "swiss"]
[EventRounds "7"]
[EventCountry "NED"]
[Source "P.Boonen"]
[SourceDate "2010.01.01"]

1. e4 e5 2. Nf3 Nc6 3. Bb5 a6 4. Bxc6 dxc6 5. O-O Bd6 6. d4 exd4 7. Qxd4 f6 8.
Re1 Bg4 9. Qe3 Bxf3 10. Qxf3 Be5 11. Rd1 Qe7 12. Nd2 O-O-O 13. Nc4 Rxd1+ 14.
Qxd1 Nh6 15. c3 Rd8 16. Qe2 Nf7 17. Be3 g5 18. Rd1 h5 19. g3 g4 20. Rxd8+ Qxd8
21. f4 gxf3 22. Qxf3 b5 23. Na5 Qd3 24. Qf5+ Kd8 25. Nxc6+ Ke8 26. Qc8+ Nd8 27.
Qxd8+ Qxd8 28. Nxd8 Kxd8 1/2-1/2

[Event "ENCI Limburg-open C"]
[Site "Maastricht"]
[Date "2009.06.01"]
[Round "7"]
[White "Hilverda, Jan"]
[Black "De Vries, Paul"]
[Result "1/2-1/2"]
[WhiteElo "989"]
[BlackElo "1497"]
[PlyCount "28"]
[EventDate "2009.05.29"]
[EventType "swiss"]
[EventRounds "7"]
[EventCountry "NED"]
[Source "P.Boonen"]
[SourceDate "2010.01.01"]

1. e4 e5 2. Nf3 Nc6 3. Bc4 Nd4 4. c3 Nxf3+ 5. Qxf3 Nf6 6. d3 d6 7. Bg5 Be7 8.
O-O O-O 9. h3 Be6 10. Qg3 Bxc4 11. Bh6 Nh5 12. Qf3 Nf4 13. Bxf4 exf4 14. dxc4
Bg5 1/2-1/2

[Event "ENCI Limburg-open C"]
[Site "Maastricht"]
[Date "2009.06.01"]
[Round "7"]
[White "Ingelaere, Tijl"]
[Black "Cox, Maud"]
[Result "1-0"]
[WhiteElo "1448"]
[BlackElo "1157"]
[PlyCount "81"]
[EventDate "2009.05.29"]
[EventType "swiss"]
[EventRounds "7"]
[EventCountry "NED"]
[Source "P.Boonen"]
[SourceDate "2010.01.01"]

1. e4 e5 2. Nf3 Nc6 3. Bb5 Nf6 4. O-O Nxe4 5. d4 Nxd4 6. Nxd4 exd4 7. Re1 c6 8.
Rxe4+ Be7 9. Bd3 d5 10. Re2 O-O 11. Nd2 Bd6 12. Nf3 Bg4 13. Re1 Bc7 14. Bd2 Qd6
15. h3 Bxf3 16. Qxf3 Qh2+ 17. Kf1 Qh1+ 18. Ke2 Rae8+ 19. Kd1 Rxe1+ 20. Bxe1 Re8
21. Be2 Ba5 22. c3 dxc3 23. bxc3 d4 24. Kc2 d3+ 25. Kxd3 Bc7 26. Kc2 Qh2 27.
Bc4 Re7 28. Bd2 Qd6 29. Re1 Kf8 30. Qd3 Qf6 31. Rxe7 Qxe7 32. Qxh7 Ke8 33. Qxg7
Qe4+ 34. Bd3 Qa4+ 35. Kb2 Qd1 36. Qh8+ Kd7 37. Bf5+ Kd6 38. Qd4+ Ke7 39. Bg5+
Ke8 40. Bd7+ Kf8 41. Qh8# 1-0

[Event "ENCI Limburg-open C"]
[Site "Maastricht"]
[Date "2009.06.01"]
[Round "7"]
[White "Keetman, Dennis"]
[Black "Van Odijk, Frank"]
[Result "1-0"]
[WhiteElo "1675"]
[BlackElo "1635"]
[PlyCount "93"]
[EventDate "2009.05.29"]
[EventType "swiss"]
[EventRounds "7"]
[EventCountry "NED"]
[Source "P.Boonen"]
[SourceDate "2010.01.01"]

1. e4 d6 2. d4 Nf6 3. Nc3 g6 4. Bg5 h6 5. Bf4 Bg7 6. Bc4 O-O 7. Nf3 c6 8. Qd2
Kh7 9. e5 dxe5 10. Nxe5 Nd5 11. Nxd5 cxd5 12. Bd3 Nc6 13. Nxc6 bxc6 14. c3 Rh8
15. O-O Be6 16. Rfe1 Qd7 17. Qe3 Rae8 18. Qg3 Bf5 19. Rad1 Bxd3 20. Rxd3 Bf6
21. Rde3 Kg7 22. Be5 h5 23. Rf3 Qg4 24. Qxg4 hxg4 25. Rf4 Bxe5 26. dxe5 f5 27.
Ra4 Ra8 28. Rd1 a5 29. c4 Rhb8 30. cxd5 cxd5 31. b3 Rc8 32. Kf1 e6 33. Ke2 Kf7
34. Kd3 Ke7 35. h3 gxh3 36. gxh3 Rh8 37. h4 Rhc8 38. Rh1 Kf7 39. h5 g5 40. f3
Kg7 41. h6+ Kg6 42. h7 f4 43. b4 Kf5 44. Rxa5 Rxa5 45. bxa5 Rh8 46. Kd4 Kg6 47.
a6 1-0

[Event "ENCI Limburg-open C"]
[Site "Maastricht"]
[Date "2009.06.01"]
[Round "7"]
[White "Keetman, Maaike"]
[Black "Ooms, Bart"]
[Result "0-1"]
[WhiteElo "1341"]
[BlackElo "1739"]
[PlyCount "70"]
[EventDate "2009.05.29"]
[EventType "swiss"]
[EventRounds "7"]
[EventCountry "NED"]
[Source "P.Boonen"]
[SourceDate "2010.01.01"]

1. e4 e5 2. Nf3 Nc6 3. d4 exd4 4. Nxd4 Bc5 5. Be3 Bb6 6. Bc4 Nf6 7. Nc3 d6 8.
O-O Bg4 9. Qd2 Ba5 10. f3 Bd7 11. Nxc6 Bxc6 12. Rad1 Qe7 13. Qf2 Bxc3 14. bxc3
b5 15. Bb3 a5 16. Bd5 Nxd5 17. exd5 Bb7 18. Bd4 O-O 19. Rfe1 Qd7 20. Qg3 f6 21.
Be3 Rae8 22. Qf4 Re5 23. c4 bxc4 24. Qxc4 Qf7 25. Qb5 Bxd5 26. f4 Bc4 27. Qa4
Ree8 28. a3 Ra8 29. Rd4 d5 30. c3 Qe7 31. Bf2 Qd6 32. Red1 Qe6 33. Re1 Qf7 34.
Qc2 Rfe8 35. Qd2 c5 0-1

[Event "ENCI Limburg-open C"]
[Site "Maastricht"]
[Date "2009.06.01"]
[Round "7"]
[White "Lenders, Raoul"]
[Black "Rahangmetan, Derek Jan"]
[Result "1/2-1/2"]
[WhiteElo "1652"]
[BlackElo "1445"]
[PlyCount "38"]
[EventDate "2009.05.29"]
[EventType "swiss"]
[EventRounds "7"]
[EventCountry "NED"]
[Source "P.Boonen"]
[SourceDate "2010.01.01"]

1. e4 e5 2. Nf3 Nc6 3. Bc4 Nf6 4. Ng5 d5 5. exd5 Nd4 6. c3 b5 7. Bf1 Nxd5 8.
cxd4 Qxg5 9. Bxb5+ Kd8 10. Qf3 exd4 11. Bc6 Nb4 12. Bxa8 Nc2+ 13. Kf1 Nxa1 14.
Qxf7 Ba6+ 15. Kg1 Bd6 16. Bc6 Qg4 17. Qf3 Qxf3 18. gxf3 Nc2 19. Kg2 Nb4 1/2-1/2

[Event "ENCI Limburg-open C"]
[Site "Maastricht"]
[Date "2009.06.01"]
[Round "7"]
[White "Liston, Mike"]
[Black "Weerts, Rene"]
[Result "1-0"]
[WhiteElo "1670"]
[BlackElo "1556"]
[PlyCount "49"]
[EventDate "2009.05.29"]
[EventType "swiss"]
[EventRounds "7"]
[EventCountry "NED"]
[Source "P.Boonen"]
[SourceDate "2010.01.01"]

1. e4 g6 2. d4 d6 3. Nc3 Bg7 4. f4 c5 5. dxc5 Bxc3+ 6. bxc3 Qa5 7. cxd6 Qxc3+
8. Bd2 Qc5 9. dxe7 Nxe7 10. Nf3 Bg4 11. Bd3 Nbc6 12. h3 Bd7 13. Qe2 O-O-O 14.
Qe3 Qd6 15. O-O Rhe8 16. Bc3 Nd5 17. Qd2 Nxc3 18. Qxc3 Qxf4 19. Qd2 Qc7 20. Ng5
Ne5 21. Nxf7 Nxf7 22. Rxf7 Qe5 23. Rb1 Re7 24. Qb4 Be8 25. Rxe7 1-0

[Event "ENCI Limburg-open C"]
[Site "Maastricht"]
[Date "2009.06.01"]
[Round "7"]
[White "Maessen, Roy"]
[Black "Swijsen, Willy"]
[Result "1/2-1/2"]
[WhiteElo "1394"]
[BlackElo "1196"]
[PlyCount "45"]
[EventDate "2009.05.29"]
[EventType "swiss"]
[EventRounds "7"]
[EventCountry "NED"]
[Source "P.Boonen"]
[SourceDate "2010.01.01"]

1. d4 d5 2. e3 e6 3. Bd3 c5 4. c3 Nc6 5. f4 Nf6 6. Nd2 Qc7 7. Ngf3 Bd6 8. Ne5
cxd4 9. exd4 Bd7 10. Qf3 g6 11. g4 Rf8 12. g5 Nh5 13. Nf1 f6 14. gxf6 Rxf6 15.
Ng3 Ng7 16. Bd2 Nxe5 17. dxe5 Bxe5 18. Ne2 Bd6 19. Qe3 O-O-O 20. Qxa7 Re8 21.
Qa8+ Qb8 22. Qxb8+ Bxb8 23. O-O-O 1/2-1/2

[Event "ENCI Limburg-open C"]
[Site "Maastricht"]
[Date "2009.06.01"]
[Round "7"]
[White "Metonidze, Andre"]
[Black "Van den Bosch, Arno"]
[Result "1/2-1/2"]
[WhiteElo "1320"]
[BlackElo "976"]
[PlyCount "48"]
[EventDate "2009.05.29"]
[EventType "swiss"]
[EventRounds "7"]
[EventCountry "NED"]
[Source "P.Boonen"]
[SourceDate "2010.01.01"]

1. d4 Nf6 2. Nf3 e6 3. e3 Nc6 4. Bd3 Bb4+ 5. c3 Ba5 6. Ne5 O-O 7. b4 Bb6 8. Ba3
Re8 9. O-O d5 10. Bb5 Bd7 11. Nxd7 Qxd7 12. Nd2 a6 13. Ba4 Ba7 14. b5 axb5 15.
Bxb5 Bxd4 16. Bb2 Bb6 17. c4 dxc4 18. Bxf6 gxf6 19. Nxc4 Qxd1 20. Rfxd1 Bc5 21.
Rd7 Nb4 22. Rxc7 Rec8 23. Rxc8+ Rxc8 24. h3 Ra8 1/2-1/2

[Event "ENCI Limburg-open C"]
[Site "Maastricht"]
[Date "2009.06.01"]
[Round "7"]
[White "Mohamedjoesoef, Rafiek"]
[Black "Heman, Frans"]
[Result "1-0"]
[WhiteElo "1664"]
[BlackElo "1538"]
[PlyCount "93"]
[EventDate "2009.05.29"]
[EventType "swiss"]
[EventRounds "7"]
[EventCountry "NED"]
[Source "P.Boonen"]
[SourceDate "2010.01.01"]

1. e4 e6 2. d4 c5 3. c3 cxd4 4. Nf3 dxc3 5. Nxc3 Bb4 6. Bc4 Ne7 7. Bg5 O-O 8.
O-O Bxc3 9. bxc3 f6 10. Bh4 Ng6 11. Bg3 Nc6 12. Qd6 Qe7 13. Rfd1 Qxd6 14. Rxd6
a6 15. a4 Nd8 16. Rad1 Nf7 17. R6d2 Rd8 18. Bxe6 dxe6 19. Rxd8+ Nxd8 20. Rxd8+
Kf7 21. Bd6 e5 22. a5 Nf4 23. Kf1 Ne6 24. Rh8 Nf4 25. Nd2 Ng6 26. Rd8 Ne7 27.
Nc4 Nc6 28. Rf8+ Ke6 29. Nb6 Kxd6 30. Nxa8 Be6 31. Rh8 h6 32. Rh7 Nxa5 33. Rxg7
f5 34. Rg6 fxe4 35. Rxh6 Ke7 36. Nb6 Bb3 37. Ke2 Bc2 38. g4 Kf7 39. g5 Kg7 40.
h4 Nc6 41. Rd6 Na5 42. h5 Kf7 43. h6 Ke7 44. Rd7+ Ke6 45. h7 e3 46. h8=Q exf2
47. Qf6# 1-0

[Event "ENCI Limburg-open C"]
[Site "Maastricht"]
[Date "2009.06.01"]
[Round "7"]
[White "Mohr, Markus"]
[Black "Gendarme, Pierre"]
[Result "1-0"]
[WhiteElo "1671"]
[BlackElo "1619"]
[PlyCount "32"]
[EventDate "2009.05.29"]
[EventType "swiss"]
[EventRounds "7"]
[EventCountry "NED"]
[Source "P.Boonen"]
[SourceDate "2010.01.01"]

1. e4 c6 2. d4 d5 3. exd5 cxd5 4. Bd3 Nc6 5. c3 Nf6 6. Bf4 Bg4 7. Qb3 Qd7 8.
Nd2 e6 9. Ngf3 Bxf3 10. Nxf3 Bd6 11. Bxd6 Qxd6 12. O-O O-O 13. Rfe1 Nd7 14. Re3
e5 15. dxe5 Ncxe5 16. Nxe5 Nxe5 1-0

[Event "ENCI Limburg-open C"]
[Site "Maastricht"]
[Date "2009.06.01"]
[Round "7"]
[White "Platje, Albert"]
[Black "Van der Werff, Silvia"]
[Result "1-0"]
[WhiteElo "1677"]
[BlackElo "1259"]
[PlyCount "61"]
[EventDate "2009.05.29"]
[EventType "swiss"]
[EventRounds "7"]
[EventCountry "NED"]
[Source "P.Boonen"]
[SourceDate "2010.01.01"]

1. e4 d5 2. exd5 Qxd5 3. Nc3 Qd6 4. Nf3 Nf6 5. Bc4 a6 6. O-O Nc6 7. d4 e6 8.
Re1 Be7 9. d5 exd5 10. Bxd5 Nxd5 11. Nxd5 Bg4 12. Bf4 Qd8 13. Nxc7+ Kf8 14.
Nxa8 Qxa8 15. h3 Bh5 16. Qd5 Bg6 17. Bd6 Bxc2 18. Bxe7+ Nxe7 19. Rxe7 Kxe7 20.
Re1+ Kf8 21. Qc5+ Kg8 22. Qxc2 g6 23. Re7 Kg7 24. Qc3+ Kf8 25. Qxh8+ Kxe7 26.
Qxa8 b5 27. Ne5 Ke6 28. f4 f6 29. Qxa6+ Kf5 30. Qxb5 fxe5 31. Qxe5# 1-0

[Event "ENCI Limburg-open C"]
[Site "Maastricht"]
[Date "2009.06.01"]
[Round "7"]
[White "Rodriguez, Abelardo"]
[Black "Van Herck, Raf"]
[Result "1/2-1/2"]
[WhiteElo "1398"]
[BlackElo "1625"]
[PlyCount "125"]
[EventDate "2009.05.29"]
[EventType "swiss"]
[EventRounds "7"]
[EventCountry "NED"]
[Source "P.Boonen"]
[SourceDate "2010.01.01"]

1. e4 e6 2. d4 d5 3. exd5 exd5 4. Bd3 Bd6 5. Nf3 c6 6. c3 Ne7 7. O-O Qc7 8. Bg5
f6 9. Bh4 Bg4 10. Bg3 Bxg3 11. fxg3 O-O 12. Qc2 g6 13. Nbd2 Nd7 14. Rf2 Rae8
15. Re1 Nf5 16. Rxe8 Rxe8 17. Qb1 Nb6 18. h3 Bxf3 19. Rxf3 Nxg3 20. Bxg6 Ne2+
21. Kh1 Rf8 22. Bd3 Nf4 23. Bc2 Rf7 24. b3 Rg7 25. Qf1 Nh5 26. Qf2 Nd7 27. g4
Qa5 28. a4 Nf4 29. Rxf4 Qxc3 30. Bf5 Qxh3+ 31. Qh2 Qe3 32. Bxd7 Rxd7 33. Rxf6
Rf7 34. Rxf7 Kxf7 35. Qxh7+ Ke8 36. Qg6+ Kd7 37. Qf5+ Kd8 38. Qf8+ Kc7 39. Qg7+
Kb6 40. Nf1 Qxb3 41. g5 Qh3+ 42. Kg1 Qg4+ 43. Kh2 Qe2+ 44. Kg1 Qg4+ 45. Kf2
Qf4+ 46. Kg2 Qe4+ 47. Kh3 Qf5+ 48. Kg2 Qe4+ 49. Kh3 Qf5+ 50. Kh4 Qxf1 51. g6
Qh1+ 52. Kg4 Qg1+ 53. Kf5 Qf2+ 54. Ke6 Qe3+ 55. Kf7 Ka5 56. Kg8 Kxa4 57. Qxb7
Qxd4 58. Qxc6+ Ka5 59. g7 a6 60. Qb7 Qe5 61. Kf8 Qf6+ 62. Kg8 Qe5 63. Kh7
1/2-1/2

[Event "ENCI Limburg-open C"]
[Site "Maastricht"]
[Date "2009.06.01"]
[Round "7"]
[White "Sharifi Shamili, Ashkan"]
[Black "Yue, Tim"]
[Result "1/2-1/2"]
[WhiteElo "1653"]
[BlackElo "1497"]
[PlyCount "24"]
[EventDate "2009.05.29"]
[EventType "swiss"]
[EventRounds "7"]
[EventCountry "NED"]
[Source "P.Boonen"]
[SourceDate "2010.01.01"]

1. Nf3 Nf6 2. g3 g6 3. Bg2 Bg7 4. d3 Nc6 5. O-O O-O 6. Nbd2 Rb8 7. c4 b6 8. Rb1
a5 9. b3 Bb7 10. a3 d5 11. Bb2 e6 12. Qc2 Ne7 1/2-1/2

[Event "ENCI Limburg-open C"]
[Site "Maastricht"]
[Date "2009.06.01"]
[Round "7"]
[White "Slangen Knuit, Dien"]
[Black "Chan, Alexander"]
[Result "0-1"]
[WhiteElo "1265"]
[BlackElo "1204"]
[PlyCount "48"]
[EventDate "2009.05.29"]
[EventType "swiss"]
[EventRounds "7"]
[EventCountry "NED"]
[Source "P.Boonen"]
[SourceDate "2010.01.01"]

1. d4 Nf6 2. c4 g6 3. Nc3 Bg7 4. Nf3 d6 5. e4 O-O 6. Bd3 Bg4 7. O-O c6 8. b4
Re8 9. d5 cxd5 10. cxd5 Nxe4 11. Bxe4 Bxc3 12. Rb1 Bg7 13. a3 Nd7 14. Qd3 Bxf3
15. Qxf3 Ne5 16. Qg3 Nc4 17. f4 Bd4+ 18. Kh1 f5 19. Bxf5 Rf8 20. Bxg6 hxg6 21.
Qxg6+ Bg7 22. f5 Qe8 23. Qg3 Qh5 24. Rf4 Qd1+ 0-1